| 000 | 01042naa a22002897a 4500 | ||
|---|---|---|---|
| 001 | BR9102814 | ||
| 003 | BR-BrBNA | ||
| 005 | 20240918180721.0 | ||
| 007 | ta | ||
| 008 | 230509b bl.||||| |||| 00| 0 por d | ||
| 040 |
_aBR-BrBNA _bpor _cBiblioteca Nacional de Agricultura |
||
| 041 | _a(Pt) | ||
| 072 |
_aH10 _b4020 _b3877 |
||
| 090 | _aH10 BR9102814 | ||
| 100 | 1 | _aButignol, C.A. | |
| 111 | 1 |
_a3. Encontro Nacional de Fitossanitaristas _cFlorianopolis, SC (Brazil) _d5-9 Nov 1984 |
|
| 245 | 1 | _aNivel de dano economico e tomada de decisao de controle em populacao de insetos | |
| 260 | 3 |
_aBrasilia, DF (Brasil): _c1984. |
|
| 500 | _aAnais do 3. Encontro Nacional de Fitossanitaristas Brasilia, DF (Brasil): 1984. p. 195-200 (BR9102814-AM)H10 | ||
| 650 | _aINSETO | ||
| 650 | _aINSETICIDA | ||
| 650 | _aCONTROLE QUIMICO | ||
| 650 | _aCUSTO | ||
| 773 | 0 |
_tAnais do 3. Encontro Nacional de Fitossanitaristas _wH10 BR9102814 _gBrasilia, DF (Brasil), 1984. p. 195-200 |
|
| 909 |
_a202404 _bLucia _c55 _dLucia Elande |
||
| 942 |
_cAM _2AGRIS |
||
| 999 |
_c321792 _d321792 |
||